Statistiken für Hauptstädte der Länder, die mit M beginnen

Klicken Sie hier um das Quiz zu spielen!

Allgemein

  • Dieses Quiz wurde 301 mal gespielt
  • Das Durchschnittsergebnis liegt bei 14 aus 19

Antwortstatistiken

M LandHauptstadt% Korrekt
MexikoMexiko-Stadt
98%
MonacoMonaco
97%
MarokkoRabat
95%
MaledivenMalé
93%
MongoleiUlaanbaatar
92%
MalaysiaKuala Lumpur
91%
MazedonienSkopje
90%
MalteValletta
87%
MoldauChisinau
86%
MontenegroPodgorica
80%
MadagascarAntananarivo
76%
MaliBamako
64%
MosambikMaputo
61%
MalawiLilongwe
60%
MauritiusPort-Louis
59%
MauretanienNouakchott
51%
MyanmarNaypyidaw
45%
MikronesienPalikir
44%
MarshallinselnMajuro
42%

Verteilung der Resultate

Perzentil nach korrekt beantworteten Fragen

Anzahl Personen mit jedem Resultat

Ihre Resultats-Entwicklung

Sie haben dieses Quiz noch nicht gespielt